| 000 | 00387cam a2200157ua 4500 | ||
|---|---|---|---|
| 041 |
_aeng _h |
||
| 082 |
_a954 _bPAN/SU |
||
| 100 | _aPanikkar, K M . | ||
| 245 |
_aSurvey of Indian history / _cK M Panikkar. _hTextual Documents |
||
| 260 |
_aLondon : _bAsia Publishing House , _c1963. |
||
| 300 | _a287 ; . | ||
| 504 | _a | ||
| 942 | _cBK | ||
| 999 |
_c6318 _d6318 |
||